000 01088nam a22003737b 4500
001 001282
003 DO-SdBNP
005 20180222114113.0
006 001282
008 990702s 2002 sp | ||| ||spa
016 7 _a
_2 BPMSU
017 _a
_b
020 _a8434864320
035 _a
040 _aBPMSU
_bspa
_cBPMSU
_e
041 1 _aspa
_h
080 0 _a
100 1 _aMcCaughrean, Geraldine
240 1 4 _aThe wooden horse
_lEspañol
245 1 3 _aEl caballo de madera ; La caja de pandora /
_cGeraldine McCaughrean ; ilustrado por Tony Ross ; traducción del inglés, Paz Barroso
_h
_b
246 1 3 _a La caja de pandora
250 _a3a. ed.
260 _aMadrid :
_bSM,
_c2002.
300 _a48 p. :
_bil. ;
_c20 cm.
490 1 _aMitos
650 7 _aMitología griega
_vLibros infantiles
_2
700 1 2 _aMcCaughrean, Geraldine
_tLa caja de Pandora
700 1 2 _aRoss,Tony
_eil.
740 3 1 _aLa caja de Pandora
830 0 _aMitos
942 _2ddc
_cBK
945 _aInventariado, 2018 /LP
956 _aVMATEO
_210
_320160420
_6BPMSU
_80069
999 _c9843
_d9843